All Brawlers from Brawl Stars - Statistics

General Stats
  • This quiz has been taken 802 times
    629 since last reset
  • The average score is 32 of 40
Answer Stats
Quality Brawler % Correct
Starting Brawler Shelly
98%
Trophy Road Colt
96%
Trophy Road Nita
95%
Trophy Road Bull
92%
Rare El Primo
91%
Trophy Road Emz
90%
Trophy Road Bo
89%
Trophy Road Jessie
89%
Rare Rosa
89%
Trophy Road Brock
88%
Trophy Road 8-Bit
87%
Rare Poco
87%
Rare Barley
86%
Legendary Crow
86%
Legendary Leon
86%
Trophy Road Tick
86%
Trophy Road Dynamike
85%
Super Rare Penny
83%
Mythic Mortis
82%
Legendary Spike
82%
Epic Frank
81%
Super Rare Rico
80%
Super Rare Darryl
79%
Legendary Amber
78%
Chromatic Gale
78%
Legendary Sandy
78%
Chromatic Surge
78%
Mythic Tara
78%
Epic Bibi
77%
Epic Pam
77%
Super Rare Jacky
76%
Epic Piper
76%
Super Rare Carl
73%
Mythic Gene
73%
Chromatic Lou
68%
Chromatic Colette
67%
Epic Bea
66%
Mythic Max
66%
Mythic Mr. P
64%
Mythic Sprout
59%
No matching quizzes found
Score Distribution
Percent of People with Each Score
Percentile by Number Answered
Your Score History
You have not taken this quiz since the last reset